| 000 | 00673nam a2200253Ia 4500 | ||
|---|---|---|---|
| 003 | OSt | ||
| 005 | 20221005081717.0 | ||
| 006 | a|||||r|||| 00| 0 | ||
| 007 | ta | ||
| 008 | 221004b |||||||| |||| 00| 0 eng d | ||
| 020 | _a8121942802 (pbk) | ||
| 024 | _a17928 | ||
| 037 |
_bGift, 26/05/2015, _cTextual |
||
| 040 |
_aCRL _cCRL _beng |
||
| 041 |
_2eng _aeng |
||
| 082 | _aX5.1, Q3 | ||
| 100 | _aBhalla V K | ||
| 245 | 0 | _aInternational business | |
| 260 |
_aNew Delhi _bS.Chand & Company India _c2013 |
||
| 300 |
_axxi,1114p. _ccm. |
||
| 650 | _aECONOMICS | ||
| 942 |
_hX5.1, Q3 _cTEXL _2cc |
||
| 999 |
_c988161 _d988161 |
||